Aḍwāʼ ʻalā al-siyar al-shaʻbīyah. (Record no. 47198)

MARC details
000 -LEADER
fixed length control field 00550cam a22002171 4500
001 - CONTROL NUMBER
control field ne 64001680
003 - CONTROL NUMBER IDENTIFIER
control field DLC
005 - DATE AND TIME OF LATEST TRANSACTION
control field 20260227111802.0
008 - FIXED-LENGTH DATA ELEMENTS--GENERAL INFORMATION
fixed length control field 890228s1964 xx 000 0 ara
010 ## - LIBRARY OF CONGRESS CONTROL NUMBER
LC control number ne 64001680
035 ## - SYSTEM CONTROL NUMBER
System control number (OCoLC)23501202
040 ## - CATALOGING SOURCE
Original cataloging agency DLC
Transcribing agency MiU
Modifying agency DLC
042 ## - AUTHENTICATION CODE
Authentication code premarc
050 00 - LIBRARY OF CONGRESS CALL NUMBER
Classification number PJ7580
Item number .K5
100 1# - MAIN ENTRY--PERSONAL NAME
Personal name Khūrshīd, Fārūq
245 10 - TITLE STATEMENT
Title Aḍwāʼ ʻalā al-siyar al-shaʻbīyah.
260 ## - PUBLICATION, DISTRIBUTION, ETC.
Date of publication, distribution, etc. [1964]
300 ## - PHYSICAL DESCRIPTION
Extent 186 p.
Dimensions 17 cm.
490 0# - SERIES STATEMENT
Series statement #
650 #0 - SUBJECT ADDED ENTRY--TOPICAL TERM
Topical term or geographic name entry element Folk literature, Arabic
General subdivision History and criticism

No items available.

Powered by Koha